=LDR 00000nam 2200000 4500 =001 INLIS000000000000744 =005 20220618041631 =035 ##$$a 0010-1121000297 =245 1#$$a Laporan Kuliah Kerja Praktek PT. Perkebunan Nusantara Unit Usaha PKS Luwu : $b Kuliah Kerja Praktek /$c Muhammad Iqbal =100 1#$$a IQBAL, Muhammad =250 ##$$a 2021 =300 ##$$a viii, 37 halaman : $b Gambar ; $c 20x29 cm =856 ##$$a OPAC (Rak LKKP TMIA 2021) =260 ##$$a Makassar :$b Politeknik ATI Makassar-Teknik Manufaktur Industri Agro,$c 2021 =082 ##$$a (R)2021 LKKP-TMIA 818 =084 ##$$a (R)2021 LKKP-TMIA 818 IQB l =650 #4$$a Laporan Praktek TMIA 2021 =008 220618################|##########|#|## =990 ##$$a 211/LKKP TMIA 2021